Central Library OPAC University of Rajshahi

বার্ণার্ড শ : (Record no. 71422)

MARC details
000 -LEADER
fixed length control field 01022nam a2200265 a 4500
001 - CONTROL NUMBER
control field 71422
003 - CONTROL NUMBER IDENTIFIER
rucl marc code BD-RjUL
005 - DATE AND TIME OF LATEST TRANSACTION
control field 20211209082118.0
008 - FIXED-LENGTH DATA ELEMENTS--GENERAL INFORMATION
fixed length control field 170503s1947 ii ||||| |||| 00| 0 ben d
020 ## - INTERNATIONAL STANDARD BOOK NUMBER
Terms of availability : TK.3.50
035 ## - SYSTEM CONTROL NUMBER
System control number (BD-RjUL)71638
040 ## - CATALOGING SOURCE
Original cataloging agency BD-RjUL
Language of cataloging ben
Transcribing agency BD-RjUL
Modifying agency BD-RjUL
041 ## - LANGUAGE CODE
Language code of text/sound track or separate title ben
082 ## - DEWEY DECIMAL CLASSIFICATION NUMBER
Edition number 23
Classification number 891.442092
Author mark and year DAB 1947
100 ## - MAIN ENTRY--PERSONAL NAME
Personal name দাস, ঋষি
9 (RLIN) 135404
245 ## - TITLE STATEMENT
Title বার্ণার্ড শ :
Remainder of title একটি মানুুষের কাহিনী /
Statement of responsibility, etc. ঋষি দাস
250 ## - EDITION STATEMENT
Edition statement ১ম সং.
260 ## - PUBLICATION, DISTRIBUTION, ETC. (IMPRINT)
Place of publication, distribution, etc. কলিকাতা :
Name of publisher, distributor, etc. ইউনিভার্স্‌ল্‌ পাবলিশার্স্‌,
Date of publication, distribution, etc. ১৯৪৭.
300 ## - PHYSICAL DESCRIPTION
Pagination ২৭২ পৃ. ;
Size ১৮ সেমি.
600 ## - SUBJECT ADDED ENTRY--PERSONAL NAME
Personal name শ, বার্ণার্ড
Dates associated with a name ১৮৫৬-১৯৫০
General subdivision জীবনী
Personal name Shaw, Bernard
Dates associated with a name 1856-1950
General subdivision Biography
650 ## - SUBJECT ADDED ENTRY--TOPICAL TERM
Topical term or geographic name as entry element বাংলা নাটক
9 (RLIN) 211326
Topical term or geographic name as entry element Bengali Drama
9 (RLIN) 211327
942 ## - ADDED ENTRY ELEMENTS (KOHA)
Source of classification or shelving scheme Dewey Decimal Classification
Koha item type Books
Holdings
Lost status Source of classification or shelving scheme Damaged status Not for loan Collection code Permanent Location Current Location Shelving location Date acquired Source of acquisition Cost, normal purchase price Total Checkouts Full call number Date last seen Copy number Koha item type
  Dewey Decimal Classification   Not For Loan Non-fiction Central Library, University of Rajshahi Central Library, University of Rajshahi Reading Room 09/12/2021 Sawkat Osman, Dhaka 3.50   B 891.442092 DAB 1947 03/05/2017 C-1 Books